|
|
|
|
| LEADER |
00638nta a2200169 i 4500 |
| 001 |
dipl70281 |
| 005 |
20180726095712.0 |
| 008 |
180726s2017 hu om 0|| zxx d |
| 040 |
|
|
|a SZTE Diploma Repozitórium
|b hun
|
| 041 |
|
|
|a zxx
|
| 100 |
1 |
|
|a Szabó Zsolt
|
| 245 |
1 |
2 |
|a A Titanic építése és első útja
|h [elektronikus dokumentum] /
|c Zsolt Szabó
|
| 246 |
1 |
0 |
|a The Building of the Titanic and Her Maiden Voyage
|h [elektronikus dokumentum]
|
| 260 |
|
|
|c 2017
|
| 650 |
|
4 |
|a Bölcsészettudományok
|
| 700 |
1 |
|
|a Kökény Andrea
|e ths
|
| 856 |
4 |
0 |
|u http://diploma.bibl.u-szeged.hu/id/eprint/70281/1/2017_Szab%C3%B3_Zsolt_B23QNN_SZ.pdf
|z Dokumentum-elérés
|